000 00575cam a2200229 4500
001 M93660
008 090401t1998 xxu||||| |||| 00| 0 eng d
035 _a(Sirsi) u88244
041 _aeng
050 _a658.403
100 _aStockdale, David
245 4 _aThe exchange of best practice.
260 _aAscot,Berks.
_bCIOB
_c1998
300 _a7p. ; 30cm.
350 _a0
490 _aConstruction Papers
_v87
650 _aBEST PRACTICE
650 _aKNOWLEDGE MANAGEMENT
710 _aChartered Institute of Building
_92134
942 _n0
948 _c02/09/1998
999 _c97303
_d97303